Podpora rozvoja železničnej dopravy v SR z verejných zdrojov a jej význam pri zabezpečovaní trvalo udržateľného ekonomického rozvoja diplomová práca

Enregistré dans:
Détails bibliographiques
Auteur principal: Pavlovský, Martin
Collectivité auteur: Národohospodárska fakulta EU. Katedra financií
Autres auteurs: Čiernik, Anton
Format: Livre
Langue:slovaque
Publié: Bratislava 2018
Tags: Ajouter un tag
Pas de tags, Soyez le premier à ajouter un tag!

MARC

LEADER 00000nbm a2200000 4500
001 0244222
005 20181126132654.2
041 0 |a slo 
044 |a SK 
245 1 0 |a Podpora rozvoja železničnej dopravy v SR z verejných zdrojov a jej význam pri zabezpečovaní trvalo udržateľného ekonomického rozvoja  |b diplomová práca  |c Martin Pavlovský ; školiteľ: Anton Čiernik 
264 1 |a Bratislava  |c 2018 
300 |a 70 s. 
100 1 |a Pavlovský, Martin 
700 1 |a Čiernik, Anton 
710 2 |a Národohospodárska fakulta EU. Katedra financií